| 000 | 00727nam a2200229 u 4500 | ||
|---|---|---|---|
| 005 | 20240228064332.0 | ||
| 008 | 181112s2003 es r 000 0 spa d | ||
| 020 | _a8426352006 | ||
| 035 | _aUPN01000227758 | ||
| 049 | _aI | ||
| 050 | 4 |
_aPZ78 _bG6.48 |
|
| 100 | 1 |
_aGonzález, Lola _942897 |
|
| 245 | 1 | 3 |
_aLa luna y el queso / _cLola González, Juan Ramón Alonso. |
| 260 |
_aMadrid : _bAlhucema Edelvives, _c2003. |
||
| 300 |
_a[9] p. : _bprincipalmente il. col. |
||
| 440 | 0 |
_aDeditos a compás ; _v8 |
|
| 650 | 4 |
_aLibros y lectura para niños _92290 |
|
| 650 | 7 |
_aLibros ilustrados para niños _2 _921365 |
|
| 700 | 1 |
_aAlonso Díaz-Toledo, Juan Ramón, _d1951- _ecoaut. _943135 |
|
| 905 | _aInfantil | ||
| 999 |
_c199853 _d199853 |
||